00230nam a22000857a 4500082001200000245007700012260002600089300000900115650002000124 a628 FAC aSeminar on Facing challenges of water resources in the 21st century 2003 aColombobIchemcc2003 a72 p awater resources